header

An assessment of the investment climate in Kenya (Record no. 2017)

MARC details
000 -LEADER
fixed length control field 01450nam a2200361Ia 4500
100 1# - MAIN ENTRY--AUTHOR NAME
Personal name Iarossi, Giuseppe.
245 13 - TITLE STATEMENT
Title An assessment of the investment climate in Kenya
260 ## - PUBLICATION, DISTRIBUTION, ETC. (IMPRINT)
Place of publication Washington, D.C. :
Name of publisher World Bank,
Year of publication c2009.
300 ## - PHYSICAL DESCRIPTION
Number of Pages xiii, 121 p. :
Other physical details ill.
490 1# - SERIES STATEMENT
Series statement Directions in development. Private sector development
650 #0 - SUBJECT ADDED ENTRY--TOPICAL TERM
Topical Term Investments
Topical Term Business enterprises
Topical Term Corporate culture
856 40 - ELECTRONIC LOCATION AND ACCESS
Uniform Resource Identifier http://site.ebrary.com/lib/rucke/Doc?id=10285625

No items available.

© 2026 Rongo University
Contact us: librarian | system librarian | Rongo university